| 000 | 01119nam a2200301 a 4500 | ||
|---|---|---|---|
| 001 | 000005369 | ||
| 005 | 20200929151645.0 | ||
| 008 | 090819s2003 sp 001 0 spa d | ||
| 020 | _a8400081234 | ||
| 040 |
_aDO-SdBNP _bspa _cBNPHU |
||
| 082 |
_a889.2 _bM986h |
||
| 100 | 1 |
_aMuseo _915223 |
|
| 240 | 1 | 0 |
_aHero y Leandro _lEspañol-Griego |
| 245 | 1 | 0 |
_aHero y Leandro / _cMuseo ; introducción, texto, traducción y notas por Antonio Ruiz de Elvira. |
| 260 |
_aMadrid, España : _bConsejo Superior de Investigaciones Científicas, _c2003. |
||
| 300 |
_axliv, 38 p. ; _c22 cm. |
||
| 490 | 1 | _aAlma mater ; | |
| 490 | 1 | _aAutores griegos y latinos ; | |
| 500 | _aIncluye índice | ||
| 546 | _aTexto en latín y traducción paralela en español, introducción en español | ||
| 600 | 0 | 4 |
_aMUSEO, HERO Y LEANDRO _xCRÍTICA E INTERPRETACIÓN _915224 |
| 650 | 4 |
_aHero (personaje ficticio) _xPoesía _915225 |
|
| 650 | 4 |
_aLeandro (personaje ficticio) _xPoesía _915226 |
|
| 700 | 1 |
_aRuiz de Elvira, Antonio, _etr. _915227 |
|
| 830 | 0 |
_aAlma mater ; _9807 |
|
| 830 | 0 |
_aAutores griegos y latinos ; _915129 |
|
| 049 | _aBNPD | ||
| 999 |
_c5169 _d5169 |
||